000 00515nam a22001697a 4500
005 20251108164846.0
008 250721s1979 xx 000 0 ara d
082 1 4 _a814.9/غال
100 1 _aشكري، غالي
245 1 0 _aإنهم يرقصون ليلة رأس السنة /
264 1 _aبيروت :
_bمنشورات دار الآفاق الجديدة،
_c1979.
300 _a692ص
650 1 7 _aالمقالات العربية
650 1 7 _aالأدب العربي
942 _2ddc
_cBK
999 _c16031
_d16031